Statistiques concernant Paroles - Cendrillon - Téléphone

Cliquez ici pour prendre le quiz!

Statistiques générales

  • Ce quiz a été pris 5 586 fois
  • Le résultat moyen est 161 sur 190

Statistiques - réponses

Réponse% Correct
à
100%
A
100%
a
100%
ce
100%
Cendrillon
100%
ans
99%
charmant
99%
de
99%
des
99%
Est
99%
est
99%
la
99%
La
99%
Le
99%
le
99%
plus
99%
pour
99%
Pour
99%
prince
99%
se
99%
ses
99%
vingt
99%
bel
98%
en
98%
enfants
98%
jolie
98%
son
98%
Son
98%
Elle
97%
elle
97%
trente
97%
amant
96%
blanc
96%
cheval
96%
foutu
96%
mamans
96%
Belle
95%
sur
95%
au
94%
bois
94%
dormant
94%
histoire
94%
petite
94%
Avec
93%
dans
93%
Dans
93%
part
92%
triste
92%
Et
90%
et
90%
l'camp
90%
les
90%
Les
90%
prend
88%
ça
87%
temps
84%
d'argent
83%
oublie
83%
palais
83%
rêves
83%
pas
82%
vie
82%
sa
81%
bars
80%
ne
80%
jour
79%
boire
78%
Dix
78%
lève
78%
traîner
78%
commence
77%
Fin
76%
nouveau
76%
voir
76%
fait
75%
qu'un
75%
yeux
75%
ferme
74%
ont
74%
suffi
74%
cette
73%
trottoir
73%
un
72%
l'histoire
71%
l'ambulance
69%
vu
69%
n'a
68%
blancs
67%
cafard
67%
changer
67%
chevaux
67%
finir
67%
junkie
67%
Loin
67%
lumières
66%
dansent
65%
d'elle
65%
infini
65%
cent
64%
d'importance
64%
emmener
64%
Maintenant
64%
sommeil
63%
Tout
63%
voit
63%
qui
62%
tu
62%
chance
60%
dernière
60%
si
60%
vieux
60%
cieux
59%
terre
58%
As
57%
Car
57%
Emmitouflée
57%
devenir
56%
mieux
56%
père
56%
ton
56%
Notre
55%
anges
53%
Mais
53%
vraiment
53%
Tes
50%
n'aiment
49%
tue
46%

Distribution des résultats

Percentile par nombre de réponses

% des personnes avec chaque résultat

Votre développement - résultats

Vous n’avez pas pris ce quiz